000 00852cam a2200265 a 4500
001 000018248
005 20200929165423.0
008 820416s1970 pr b 000 0 spa d
020 _a0940238349 (pbk.)
035 _a(DLC) 80067412
040 _aDO-SdBNP
_bspa
_cDLC
_dDLC
_dBNPHU
082 _a972.95
_bB641p, 1970
100 1 _aBlanco, Tomás,
_d1896-1975.
_96858
245 1 0 _aProntuario histórico de Puerto Rico /
_cTomás Blanco.
250 _a6a ed.
260 _aSan Juan :
_bInstituto de Cultura Puertorriqueña,
_c1970.
300 _a140 p. ;
_c19 cm.
490 1 _aBlanco popular
586 _aPrimer premio del Instituto de Literatura Puertorriqueña.
504 _aBibliografías: p. [136]-140.
651 4 _aPuerto Rico
_xHistoria
_91079
830 0 _aBlanco popular.
_939525
910 _aCatalogación derivada
049 _aBNGR
999 _c17769
_d17769